000 00633nam a2200241Ia 4500
003 OSt
005 20220918222433.0
006 a|||||r|||| 00| 0
007 ta
008 220917b |||||||| |||| 00| 0 eng d
024 _a216,863
037 _cTextual
040 _aARTS
_cARTS
_beng
041 _2eng
_aeng
082 _aY5.1TH, P1
100 _aDattagupta Rupak
_9143127
245 0 _aClasses and Elites in the third world
260 _aDelhi
_bAuthors press
_c2001
300 _axii, 394p
_ccm.
650 _aSOCIOLOGY
942 _hY5.1TH, P1
_cTEXL
_2CC
999 _c275494
_d275494